The handbook of applied expert systems
Αποθηκεύτηκε σε:
| Άλλοι συγγραφείς: | |
|---|---|
| Μορφή: | Βιβλίο |
| Γλώσσα: | English |
| Δημοσίευση: |
Boca Raton :
CRC Press,
c1998
|
| Θέματα: | |
| Ετικέτες: |
Προσθήκη ετικέτας
Δεν υπάρχουν, Καταχωρήστε ετικέτα πρώτοι!
|
MARC
| LEADER | 00000nam a2200000 i 4500 | ||
|---|---|---|---|
| 001 | 1/64266 | ||
| 008 | 980805s1998 eng d | ||
| 020 | |a 0849331064 | ||
| 035 | |l 10029397 | ||
| 040 | |a GR-MY-UA |b gre |e aacr | ||
| 041 | 0 | |a eng | |
| 082 | 0 | |a 006.33 | |
| 245 | 1 | 4 | |a The handbook of applied expert systems / |c edited by: Jay Liebowitz |
| 260 | |a Boca Raton : |b CRC Press, |c c1998 | ||
| 300 | |a 696 p. | ||
| 504 | |a Includes bibliographical references and index | ||
| 650 | 0 | 0 | |a Expert systems (Computer science) |x Handbooks, manuals , etc. |
| 700 | 1 | |a Liebowitz, Jay |d 1957- |4 edt | |
| 852 | |a INST |b CHIOS |e 19980805 |h 006.33 HAN |p 005200015944 |q 005200015944 |t BK |y 0 | ||
| 901 | |a BIBL-1998-2 | ||
| 909 | |a Χ |b 058279 | ||
| 922 | |a 2ΕΛΗ |b 199807 |c ΤΔΕ |d ΠΑΠΑΣΩΤΗΡΙΟΥ | ||